Prazákony stvorenia

Bibliographic Details
Main Author: Schwartzkopff, Susanne, 1888-1981 (Author)
Format: Book
Language:Slovak
German
PhysicalDescription:23 s. 21 cm
Published: Liptovský Hrádok Esplus 1993
ISBN:809014800X
Edition:[1. vyd.]
Subjects:

MARC

LEADER 00000cam a2200000 a 4500
001 vtls001074412
003 SK-MaSNL
005 20260301230444.0
008 160330s1993 xo 00000 slo
015 |a SNBA1994/03 
020 |a 809014800X 
035 |a SNK000017244 
040 |a SNK  |b slo  |c SNK  |e AACR2 
041 1 |a slo  |h ger 
044 |a xo  |c SK 
080 |a 231.7  |2 1981 
100 1 |a Schwartzkopff, Susanne,  |d 1888-1981  |4 aut  |9 513029 
240 1 4 |a Die Schöpfungsurgesetze  |l Slovensky 
245 1 0 |a Prazákony stvorenia  |c Susanne Schwartzkopffová 
250 |a [1. vyd.] 
260 |a Liptovský Hrádok  |b Esplus  |c 1993  |e Liptovský Mikuláš  |f DAFFA 
300 |a 23 s.  |c 21 cm 
610 2 7 |a Hnutie Grálu  |2 SNKKA 
650 0 7 |a stvorenie sveta  |2 SNKPH  |9 1984 
655 7 |a výklady  |2 SNKPH  |9 29178 
919 |a 80-901480-0-X 
958 |a APR 
958 |a BQ 
958 |a TL 
958 |a OP 
968 |d Z nem. orig. 
999 |c 954839  |d 956769 
952 |t P60, <04>, [BOOK], {604}  |a SNK  |b SNK  |y VYP  |7 0  |p 17A0170259  |o snkSC 85376 D1  |0 0  |1 0  |4 0  |d 1998-11-20  |l 0  |r 2004-12-31 00:00:00  |w 2026-02-24 
952 |a SNK  |b SNK  |y PREZ  |7 0  |p 17A0996540  |o snkSC 85376   |0 0  |1 0  |4 0  |d 2012-08-15  |l 0  |r 2025-08-27 00:00:00  |w 2026-02-24